MARC

LEADER 00000nam0a2200000 4500
001 366298
005 20231102011852.0
035 |a (RuTPU)RU\TPU\retro\23661 
090 |a 366298 
100 |a 20220204d1979 m y0rusy50 ca 
101 0 |a rus 
102 |a RU 
105 |a a z 001zy 
200 1 |a Применение сквозного индукционного нагрева в промышленности  |e брошюра  |f С. Е. Рыскин 
205 |a 4-е изд., перераб. и доп. 
210 |a Ленинград  |c Машиностроение  |d 1979 
215 |a 64 с.  |c ил. 
225 1 |a Библиотечка высокочастотника-термиста  |v Вып. 8 
320 |a Библиогр.: с. 63 
606 1 |a Нагрев металлов индукционный  |x Контроль температуры  |x Автоматизация  |2 stltpush  |3 (RuTPU)RU\TPU\subj\44721  |9 64001 
610 1 |a нагреватели 
610 1 |a типы 
610 1 |a схемы 
610 1 |a промышленные установки 
675 |a 621.785.545  |v 4 
700 1 |a Рыскин  |b С. Е.  |g Соломон Ефимович 
801 1 |a RU  |b 63413507  |c 20220204 
942 |c BK